书目信息 |
| 题名: |
国际体系转型与中国和平发展
|
|
| 作者: | 李永辉 , 唐晓 著 | |
| 分册: | ||
| 出版信息: | 郑州 河南人民出版社 2012.10 |
|
| 页数: | 31页 | |
| 开本: | 20cm | |
| 丛书名: | ||
| 单 册: | ||
| 中图分类: | G641.41 | |
| 科图分类: | ||
| 主题词: | 教育--各级 | |
| 电子资源: | ||
| ISBN: | 7-215-08154-0 | |
| 000 | 00657nam0 2200205 450 | |
| 001 | 1336425277 | |
| 005 | 20131105100847.64 | |
| 010 | @a7-215-08154-0@dCNY2.00 | |
| 100 | @a20131105d2012 km y0chiy0120 ea | |
| 101 | 0 | @achi |
| 102 | @aCN@b410000 | |
| 200 | 1 | @a国际体系转型与中国和平发展@Aguo ji ti xi zhuan xing yu zhong guo he ping fa zhan@f李永辉,唐晓著@Fli yong hui,tang xiao zhu |
| 210 | @a郑州@c河南人民出版社@d2012.10 | |
| 215 | @a31页@d20cm | |
| 606 | 0 | @a教育@x各级 |
| 690 | @aG641.41@v4 | |
| 701 | 0 | @a李永辉@Ali yong hui@4著 |
| 701 | 0 | @a唐晓@Atang xiao@4著 |
| 801 | 0 | @aCN@b大连网信软件有限公司图书馆·11@c20131105 |
| 905 | @aZUCC@dG641.41@eL322 | |
| 国际体系转型与中国和平发展/李永辉,唐晓著.-郑州:河南人民出版社,2012.10 |
| 31页;20cm |
| ISBN 7-215-08154-0:CNY2.00 |
| ● |
| 相关链接 |
|
|
|
正题名:国际体系转型与中国和平发展
索取号:G641.41/L322
 
预约/预借
| 序号 | 登录号 | 条形码 | 馆藏地/架位号 | 状态 | 备注 |
| 1 | 492028 | 204920283 | 社科库409/409社科库 10排3列4层/ [索取号:G641.41/L322] | 在馆 | |
| 2 | 492029 | 204920292 | 社科库409/409社科库 10排3列4层/ [索取号:G641.41/L322] | 在馆 | |
| 3 | 492030 | 204920309 | 社科库409/409社科库 10排3列4层/ [索取号:G641.41/L322] | 在馆 | |
| 4 | 492031 | 204920318 | 社科库409/409社科库 10排3列4层/ [索取号:G641.41/L322] | 在馆 | |
| 5 | 492032 | 204920327 | 社科库409/309社科库 97排1列2层/ [索取号:G641.41/L322] | 在馆 | |
| 6 | 492141 | 204921415 | 社科库409/309社科库 97排1列2层/ [索取号:G641.41/L322] | 在馆 | |
| 7 | 492142 | 204921424 | 社科库409/409社科库 10排3列4层/ [索取号:G641.41/L322] | 在馆 | |
| 8 | 492143 | 204921433 | 社科库409/409社科库 10排3列4层/ [索取号:G641.41/L322] | 在馆 |